Status of the genus Gundlachia (Pulmonata, Ancylidae) /

Bibliographic Details
Main Author: Basch, Paul F. (Paul Frederick), 1933-2001
Corporate Author: University of Michigan
Format: Book
Language:English
Published: Ann Arbor, Mich. : University of Michigan, [1959]
Series:Occasional papers of the Museum of Zoology, University of Michigan ; no. 602.
Subjects:

MARC

Tag First Indicator Second Indicator Subfields
LEADER 00000cam a2200000 a 4500
001 in00000016851
005 20151007053319.0
008 880618s1959 miua b s00010 eng d
035 |a (OCoLC)18108239 
035 |9 AAB1185AM 
040 |a TXA  |c TXA  |d UtOrBLW 
049 |a TXAM  |c [A09658302] 
050 4 |a QL1  |b .M5 no. 602 
100 1 |a Basch, Paul F.  |q (Paul Frederick),  |d 1933-2001. 
245 1 0 |a Status of the genus Gundlachia (Pulmonata, Ancylidae) /  |c by Paul F. Basch. 
264 1 |a Ann Arbor, Mich. :  |b University of Michigan,  |c [1959] 
300 |a 9 pages :  |b illustrations ;  |c 23 cm. 
336 |a text  |b txt  |2 rdacontent 
337 |a unmediated  |b n  |2 rdamedia 
338 |a volume  |b nc  |2 rdacarrier 
490 1 |a Occasional papers of the Museum of Zoology, University of Michigan ;  |v no. 602 
500 |a "May 4, 1959." 
500 |a Caption title. 
504 |a Bibliography: pages 7-9. 
650 0 |a Pulmonata. 
710 2 |a University of Michigan. 
830 0 |a Occasional papers of the Museum of Zoology, University of Michigan ;  |v no. 602. 
999 |a MARS 
999 f f |s f1d26d3d-e1a8-3b0e-bac2-8e11f8a83345  |i d2330cc3-cc81-33e7-ac63-73582a3259e4  |t 0 
952 f f |p ric  |a Texas A&M University  |b Rellis Campus  |c Joint Library Facility  |d Remote Storage  |t 0  |e QL1 .M5 no.602  |h Library of Congress classification  |i unmediated -- volume  |m A14809658302 
998 f f |a QL1 .M5 no.602  |t 0  |l Remote Storage